Formation des continents et progression de la vie /

Guardado en:
Autor Principal: Termier, H.
Otros Autores: Termier, G.
Formato: Libro
Idioma:French
Publicado: Paris : Masson, 1954.
Series:Evolution des sciences
Etiquetas: Agregar Etiqueta
Sin Etiquetas, Sea el primero en etiquetar este registro!
LEADER 00500nam a22001695a 4500
001 EUN.um020149
003 AR-BaUNS
005 20050623122900.0
008 041125s1954####fr############000#0#fre#d
245 1 0 |a Formation des continents et progression de la vie /  |c H. Termier, G. Termier. 
260 |a Paris :  |b Masson,  |c 1954. 
300 |a 135 p. 
490 0 |a Evolution des sciences 
100 1 |a Termier, H. 
700 1 |a Termier, G. 
082 0 4 |a 551.1 
859 |a Ar-BaUNS  |b BIB. CENTRAL - Sector C  |h 551.1  |i T273  |p D973/966